01938cam a22005054i 4500003000900000005001700009008004100026020001500067035002700082040003300109049000900142082001900151100003400170245003200204264005200236300003900288336002100327337002500348338002300373490003400396505018500430526001000615526001000625526000900635526000900644526000900653526000900662526000900671526000900680526000900689526000800698526000800706526000800714526000800722526000800730650003200738910001800770942001400788949019400802994001400996596000601010999021901016980005501235952014201290PE-LiUPU20250731165650.0150616s r 000 0 d a0521233488 a(Sirsi) i9780521233484 aPE-LiUPUbspacPE-LiUPUerda aPRUA04a909.008bC2211 aCambridge University,eautor.14aThe Fourth Century B.C.n6. 1aCambridge :bCambridge University Press,c1994. a1077 páginas ;c24 centímetros atext2rdacontent aunmediated2rdamedia avolume2rdacarrier0 aThe Cambridge Ancient History0 aSources and their uses.- Sparta as victor.- Persia.- The corinthian war.- Sicily, 413-368 BC.- The King's peace and the second Athenian confederacy.- Thebes in the 360S BC.- Etc... aSEG44 aSEG26 aP151 aP150 aP149 aP146 aP145 aP126 aP125 aP92 aP75 aP74 aP27 aP1504aHistoria antiguaySiglo VI. ajckbjvqcjck 2ddccBOOK aRC 909.008 C 6wDEWEYc1i43175lCCODEBUL1mBULr0sYtBOOKu2015-6-16xTEOLOGIAzUNKNOWN0COMPRAo.CIRCNOTE. No olvidar cambiar la fecha de devolución!!!!!!!o.STAFF. Colección General aC0bPEPRU a1 aRC 909.008 C 6wDEWEYc61134i43175f2021-11-8g5lCCODEBUL1mBULr1sYtBOOKu2015-6-16xTEOLOGIAzUNKNOWN0COMPRAo.CIRCNOTE. No olvidar cambiar la fecha de devolución!!!!!!!o.STAFF. Colección Generald61134 81gALBERTO SANCHEZ Responsable de Automatización r2025-12-02 00:00:00i6l0oRC 909.008 C 6p43175te1w2015-06-16xFACIHEDyREF102ddc50718REFfP14aBULbBULcREFd2015-06-16eCOMPRA